Elektronika : učebný text pre 2. roč. OU a UŠ, učebný odbor 0506 /

Saved in:
Bibliographic Details
Main Author: Hirman, Ľudovít (Author)
Format: Book
Language:Slovak
Published: Bratislava : Slovenské vydavateľstvo technickej literatúry, 1968.
Edition:2. nezm. vyd.
Series:Edícia elektrotechnickej literatúry
Physical Description: 408 s. : obr., tb.
Tags: Add Tag
No Tags, Be the first to tag this record!

MARC

LEADER 00000nam a22000001 4500
001 000232113
005 20090904194806.0
008 011231s1968 xo slo d
040 |a SVKKK  |b slo  |c SVKKK  |e AACR2 
041 0 |a slo 
044 |a xo  |c SK 
100 1 |a Hirman, Ľudovít  |4 aut 
245 1 0 |a Elektronika :  |b učebný text pre 2. roč. OU a UŠ, učebný odbor 0506 /  |c Ľudovít Hirman. 
250 |a 2. nezm. vyd. 
260 |a Bratislava :  |b Slovenské vydavateľstvo technickej literatúry,  |c 1968. 
300 |a 408 s. :  |b obr., tb. 
490 1 |a Edícia elektrotechnickej literatúry 
910 |a svkkk 
998 |a BK 
090 |g SCKHL  |k Sklad Pribinova 2. posch.  |a II.167894  |i 232113-10  |s Absenčne 
090 |g SCKHL  |k Sklad Pribinova 2. posch.  |a II.169680  |i 232113-20  |s Absenčne